Quiz o Kambodży - Statystyki

Ogólne statystyki
  • Ten quiz został rozwiązany 1 237 razy
  • Średni wynik to 11 z 17
Statystyki odpowiedzi
Wskazówka Odpwiedź % Poprawnych
Państwa graniczące z Kambodżą Wietnam
97%
Państwa graniczące z Kambodżą Laos
96%
Państwa graniczące z Kambodżą Tajlandia
95%
Religia wyznawana przez 97% populacji Kambodży Buddyzm
86%
Półwysep, na którym leży Kambodża Indochiny
84%
Stolica Kambodży Phnom Penh
73%
Państwo, które kontrolowało terytorium Kambodży w latach 1867-1953 Francja
72%
Państwo, który najechało Kambodżę w 1970 roku Stany Zjednoczone
67%
Ten język ma ich 74 - więcej niż jakikolwiek inny język Liter
66%
Główna rzeka przepływająca przez powyższe miasto Mekong
61%
Język oficjalny (znany również jako kambodżański - ale podaj nam bardziej powszechną nazwę) khmerski
58%
Przedmioty w ziemi, które od 1970 roku zabiły około 60 000 osób Miny lądowe
49%
Notoryczny dyktator, który został oskarżony o zabicie około 20% ludności Kambodży pod koniec lat 70 Pol Pot
49%
Starożytny kompleks świątynny przedstawiony na fladze Kambodży Angkor Wat
44%
Powyższy człowiek próbował naśladować "Wielki Skok” tej postaci Mao Zedong
39%
Inna nazwa Kambodży Kampucza
33%
Powyższy kompleks świątynny znajduje się mieście, z inicjałami KSR Krong Siem Reap
17%
Nie znaleziono quizów pasujących do podanych kryteriów
Rozkład punktacji
Procent ludzi z każdym wynikiem
Percentyl według liczby udzielonych odpowiedzi
Twoja historia wyników
Nie rozwiązałeś tego quizu